Luis Barahona de Soto : (Registro nro. 163787)

Detalles MARC
000 -LEADER
campo de control de longitud fija 01314nam a22002775i 4500
001 - NÚMERO DE CONTROL
campo de control 163787
003 - IDENTIFICADOR DE NÚMERO DE CONTROL
campo de control ES-MaACL
005 - FECHA Y HORA DE LA ÚLTIMA TRANSACCIÓN
campo de control 20260204130658.0
008 - DATOS DE LONGITUD FIJA--INFORMACIÓN GENERAL
campo de control de longitud fija 990701s1903 sp |||| | spa d
080 ## - NÚMERO DE LA CLASIFICACIÓN DECIMAL UNIVERSAL
Número de la Clasificación Decimal Universal 821.134.2 Barahona de Soto, Luis 1.07
080 ## - NÚMERO DE LA CLASIFICACIÓN DECIMAL UNIVERSAL
Número de la Clasificación Decimal Universal 929 Barahona de Soto, Luis
100 1# - ENTRADA PRINCIPAL--NOMBRE DE PERSONA
Nombre de persona Rodríguez Marín, Francisco,
Fechas asociadas al nombre 1855-1943
9 (RLIN) 98634
245 10 - MENCIÓN DEL TÍTULO
Título Luis Barahona de Soto :
Resto del título estudio biográfico, bibliográfico y crítico /
Mención de responsabilidad, etc. por Francisco Rodríguez Marín.
260 ## - PUBLICACIÓN, DISTRIBUCIÓN, ETC.
Lugar de publicación, distribución, etc. Madrid :
Nombre del editor, distribuidor, etc. [s.n.],
Fecha de publicación, distribución, etc. 1903 (
Fabricante Est. Tip. "Sucesores de Rivadeneyra")
300 ## - DESCRIPCIÓN FÍSICA
Extensión VIII, 866 p. ;
Dimensiones 28 cm.
505 8# - NOTA DE CONTENIDO CON FORMATO
Nota de contenido con formato Contiene: Biografía . Bibliografía . Estudio crítico . Apéndices. Poesías líricas de Luis Barahona de Soto
530 ## - NOTA DISPONIBLE DE FORMULARIO FÍSICO ADICIONAL
Nota de formato físico adicional disponible Disponible en formato digital.
586 ## - NOTA DE PREMIOS
Nota de premios "Obra premiada con medalla de oro, en público certamen, por la Real Academia Española, e impresa a sus expensas"
600 14 - PUNTO DE ACCESO ADICIONAL DE MATERIA--NOMBRE DE PERSONA
Nombre de persona Barahona de Soto, Luis.
9 (RLIN) 25284
700 1# - ENTRADA AGREGADA--NOMBRE PERSONAL
Nombre de persona Barahona de Soto, Luis.
9 (RLIN) 25284
852 ## - LOCALIZACIÓN
Ubicación ES-MaACL
Número de control de estantería F-3036
Nota libre Encuadernación holandesa
Ubicación en estantería Depósito 2
856 4# - LOCALIZACIÓN Y ACCESO ELECTRÓNICOS
Identificador Uniforme de Recursos <a href="http://hdl.handle.net/10481/19107 ">http://hdl.handle.net/10481/19107 </a>
Texto de enlace Repositorio Institucional de la Universidad de Granada
856 4# - LOCALIZACIÓN Y ACCESO ELECTRÓNICOS
Identificador Uniforme de Recursos <a href="https://archive.org/details/luisbarahonadeso00rodr ">https://archive.org/details/luisbarahonadeso00rodr </a>
Texto de enlace Internet Archive
942 ## - ELEMENTOS DE ENTRADA SECUNDARIOS (KOHA)
Fuente del sistema de clasificación o colocación Clasificación decimal universal
Existencias
Estatus retirado Estado de pérdida Estado de daño No para préstamo Colección Biblioteca de origen Biblioteca actual Ubicación en estantería Fecha de adquisición Fuente de adquisición Total de préstamos Signatura topográfica completa Código de barras Visto por última vez Precio de reemplazo Tipo de ítem Koha
        Colección digital Biblioteca del Ateneo de Madrid Biblioteca del Ateneo de Madrid Depósito 2 17/01/2008     F-3036 1171647 23/02/2023 23/02/2023 Libro impreso